000 00288nam a22001337a 4500
008 170920b xxu||||| |||| 00| 0 eng d
020 _a9780070245310
041 _aeng
080 _25TH
_a7
100 _a45
101 _aART
245 _aLIVING WITH ART
_cGILBERT,R
942 _2udc
_cBK
999 _c28373
_d28373